000 00895nam a2200241Ia 4500
003 OSt
005 20220923214351.0
006 a|||||r|||| 00| 0
007 ta
008 220922b |||||||| |||| 00| 0 hin d
024 _a169,198
037 _cTextual
040 _aARTS
_cARTS
_bhin
041 _2hin
_ahin
082 _aO152,1M86x, K2
100 _aअग्रवाल, राम नरेश प्रसाद
_9163331
245 0 _aराम नरेश त्रिपाठी
_b व्यक्तित्व और कृतित्व
246 _aRām naresh tripāṭhī: vyaktitva aur kṛutitva
260 _aलखनऊ
_b लखनऊ विश्विद्यालय
_c1962
300 _a192पृ.
_ccm.
942 _hO152,1M86x, K2
_cTEXL
_2CC
999 _c323654
_d323654